New stance on hedge rows (Record no. 117780)
[ view plain ]
| 000 -LEADER | |
|---|---|
| fixed length control field | 01289cam a2200241 4500 |
| 001 - CONTROL NUMBER | |
| control field | ABS67979 |
| 008 - FIXED-LENGTH DATA ELEMENTS--GENERAL INFORMATION | |
| fixed length control field | 040728n2004 000 0 eng u |
| 035 ## - SYSTEM CONTROL NUMBER | |
| System control number | (Sirsi) u126954 |
| 100 ## - MAIN ENTRY--PERSONAL NAME | |
| Personal name | Bevan, L. |
| 245 ## - TITLE STATEMENT | |
| Title | New stance on hedge rows |
| 260 ## - PUBLICATION, DISTRIBUTION, ETC. | |
| Date of publication, distribution, etc. | 2004 |
| 490 ## - SERIES STATEMENT | |
| Series statement | Estates Gazette |
| Volume/sequential designation | (0430) 24 July 2004, 103(1) |
| 520 ## - SUMMARY, ETC. | |
| Summary, etc. | The Anti-Social Behaviour Act 2003 Part VIII is due to come into force later this year. It is hoped that it will provide a new complaints procedure for those adversely affected by high hedges. Under Part 8 of the Act an owner or occupier can make a complaint that the height of a hedge interferes with the reasonable enjoyment of his domestic property whereas before a right to light was associated with a building or window. Sets out the difference between the old regime and new one and outlines the limitations of the new procedure. Concludes that the success of the new system will depend on the speed of the local authority to deal with the complaints. |
| 590 ## - LOCAL NOTE (RLIN) | |
| Local note | ABS |
| 590 ## - LOCAL NOTE (RLIN) | |
| Local note | ABS |
| 650 ## - SUBJECT ADDED ENTRY--TOPICAL TERM | |
| Topical term or geographic name entry element | HIGH HEDGES |
| 650 ## - SUBJECT ADDED ENTRY--TOPICAL TERM | |
| Topical term or geographic name entry element | ANTI-SOCIAL BEHAVIOUR ACT 2003 PART 8 |
| 650 ## - SUBJECT ADDED ENTRY--TOPICAL TERM | |
| Topical term or geographic name entry element | Boundary disputes |
| 9 (RLIN) | 6221 |
| 650 ## - SUBJECT ADDED ENTRY--TOPICAL TERM | |
| Topical term or geographic name entry element | RIGHTS TO LIGHT |
| 650 ## - SUBJECT ADDED ENTRY--TOPICAL TERM | |
| Topical term or geographic name entry element | REASONABLE ENJOYMENT |
| 690 ## - LOCAL SUBJECT ADDED ENTRY--TOPICAL TERM (OCLC, RLIN) | |
| Topical term or geographic name as entry element | BOUNDARIES, PARTY WALLS AND EASEMENTS |
| 942 ## - ADDED ENTRY ELEMENTS (KOHA) | |
| Suppress in OPAC | 0 |
| Withdrawn status | Lost status | Source of classification or shelving scheme | Damaged status | Not for loan | Home library | Current library | Shelving location | Date acquired | Total Checkouts | Full call number | Barcode | Date last seen | Copy number | Price effective from | Koha item type |
|---|---|---|---|---|---|---|---|---|---|---|---|---|---|---|---|
| Dewey Decimal Classification | London | London | Journal article | 28/07/2004 | ABS67979 | 126954-1001 | 06/08/2019 | 1 | 06/08/2019 | Journal article |